000 00570nam a22002177a 4500
003 UA-OsUOA
001 81944
007 ta
008 20120213b un ||||| |||| 00| 0 ukr d
090 _a821.161.2
_bА72
942 _cBK
040 _aUA-OsUOA
_bukr
_cUA-OsUOA
_dUA-OsUOA
245 _aАнтологія української поезії
300 _a422 с.
955 _a3
041 _aukr
080 _a821.161.2
260 _aК.
_bДніпро
_c1985
650 7 _a82 Література. Літературознавство
_2UDC
999 _c368247
_d368247